Mulholland Drive /

Betty, una joven aspirante a actriz, llega a Los Ángeles para convertirse en estrella de cine y se aloja en el apartamento de su tía. Allí conoce a Rita, una mujer que padece amnesia a causa de un accidente sufrido en Mulholland Drive. Las dos juntas deciden investigar quién es Rita y cómo llegó has...

Descripción completa

Detalles Bibliográficos
Otros Autores: Lynch, David (Conductor)
Formato: VHS
Lenguaje:inglés
Publicado: Estados Unidos Zima Entertainment 2001
Materias:

MARC

LEADER 00000cgm a2200000 a 4500
001 031130
003 UAHC_CL
005 20170803123315.0
008 161103s2001 xxu 000 1 eng
040 |a UAHC_CL  |c UAHC_CL  |d UAHC_CL 
245 1 0 |a Mulholland Drive /  |c David Lynch, dir. 
260 |a Estados Unidos  |c 2001  |b Zima Entertainment 
300 |a 1 dvd. 147 min. 
520 |a Betty, una joven aspirante a actriz, llega a Los Ángeles para convertirse en estrella de cine y se aloja en el apartamento de su tía. Allí conoce a Rita, una mujer que padece amnesia a causa de un accidente sufrido en Mulholland Drive. Las dos juntas deciden investigar quién es Rita y cómo llegó hasta allí. (FILMAFFINITY) 
546 |a Texto del libreto en italiano, traducción paralela en español. 
650 4 |a CINE 
700 1 |a Lynch, David  |e dir. 
900 |a DVD-834 
942 |c VHS 
952 |0 0  |1 0  |4 0  |6 DVD_834  |7 0  |8 Referencia  |9 60685  |a BC  |b BC  |c Referencia  |d 2017-08-03  |l 0  |o DVD-834  |p 1431560  |r 2022-08-04 00:00:00  |t 1  |w 2017-08-03  |y DVD 
952 |0 0  |1 0  |4 0  |6 DVD_834  |7 0  |8 General  |9 60686  |a BS  |b BS  |c General  |d 2017-08-03  |l 4  |m 3  |o DVD-834  |p 1431561  |r 2021-12-01 00:00:00  |s 2019-06-03  |t 1  |w 2017-08-03  |y DVD 
999 |c 31130  |d 31130